Sevilla scorers in Liga 2015-2016 - Statistics

General Stats
  • This quiz has been taken 41 times
    29 since last reset
  • The average score is 9 of 15
Answer Stats
Player Goals % Correct
Kévin Gameiro 16
84%
Ever Banega 5
80%
Victor Vitolo 2
72%
Coke 1
68%
Sergio Escudero 1
68%
Vicente Iborra 7
68%
Daniel Carriço 1
64%
Steven N'Zonzi 3
64%
José Reyes 1
60%
Yevhen Konoplyanka 4
60%
Fernando Llorente 4
56%
Ciro Immobile 2
48%
Michael Krohn-Dehli 1
32%
Juan Munoz 1
28%
Diego Gonzalez 1
20%
No matching quizzes found
Score Distribution
Percent of People with Each Score
Percentile by Number Answered
Your Score History
You have not taken this quiz since the last reset